| 000 | 00711nam a2200253 a 4500 | ||
|---|---|---|---|
| 001 | 5887 | ||
| 003 | BD-RjUL | ||
| 005 | 20211208234140.0 | ||
| 008 | 140108s1961 ii 000 0 eng d | ||
| 035 | _a(BD-RjUL)5926 | ||
| 035 | _a(BD-RjUL) | ||
| 040 |
_aANL _beng _cANL _d(BD-RjUL) |
||
| 041 | _aeng | ||
| 082 | 0 | 4 |
_a351.1 _bTYR |
| 100 | 1 |
_aTyagi, A. R. _918505 |
|
| 245 | 1 | 0 |
_aRights and obligations of civil servants in India / _cby A. R. Tyagi. |
| 260 |
_aDelhi : _bAtma Ram, _c1961. |
||
| 300 |
_a164 p. ; _c23 cm. |
||
| 500 | _aIncludes index. | ||
| 504 | _aBibliography: p. 159-162. | ||
| 650 | 0 |
_aCivil service _zIndia. _918506 |
|
| 651 | 0 |
_aIndia _xOfficials and employees. _918507 |
|
| 942 |
_2ddc _cBK |
||
| 999 |
_c5887 _d5887 |
||